| 000 | 00459nam a22001577a 4500 | ||
|---|---|---|---|
| 008 | 180927b xxu||||| |||| 00| 0 eng d | ||
| 020 | _a8192120416 | ||
| 040 |
_aKABU _cKABU |
||
| 050 |
_aKZ3410 _b.V47 2012 |
||
| 100 | _aVerma, S.K. | ||
| 245 |
_aAn introduction to public international law/ _cS.K. Verma |
||
| 260 |
_aNew Delhi _bSatyam Law International _c2012 |
||
| 300 | _axxiv, 619 p. | ||
| 650 | _aInternational law | ||
| 942 |
_2lcc _cBK _hKZ3410 |
||
| 999 |
_c17242 _d17242 |
||